| 000 | 01359cam a2200337 i 4500 | ||
|---|---|---|---|
| 001 | 10651 | ||
| 003 | Mx-PuUPA | ||
| 005 | 20241021084344.0 | ||
| 008 | 140415s1986 mx af r 000 0 spa d | ||
| 020 | _a9681822919 (edición completa) | ||
| 020 | _a9681820347 (v. 1) | ||
| 020 | _a9681820355 (v. 2) | ||
| 040 |
_aMX-PuUPA _bspa _erda _cMx-PuUPA _dMx-PuUPA |
||
| 041 | 1 |
_aspa _heng |
|
| 100 | 1 |
_aNewman, Barbara M. _d1944- _eautor _94926 |
|
| 240 | 1 | 0 |
_aInfancy and childhood. _lEspañol |
| 245 | 1 | 0 |
_aManual de psicología infantil moderna / _cBarbara M. Newman, Philip R. Newman ; versión en español, Xavier Massimi Villela. |
| 250 | _aPrimera edición | ||
| 264 | 1 |
_aMéxico, D.F. : _bEditorial Limusa, _c1986 |
|
| 300 |
_a2 volúmenes (paginación varía), 8 páginas de láminas sin numeración : _bilustraciones, láminas (algunas a color) ; _c24 cm. |
||
| 336 |
_atexto _2rdacontent _btxt |
||
| 337 |
_asin medio _2rdamedia _bn |
||
| 338 |
_avolumen _2rdacarrier _bnc |
||
| 650 | 4 | _aPsicología infantil | |
| 700 | 1 |
_aNewman, Philip R. _eautor |
|
| 700 | 1 |
_aVillela, Xavier Massimi, _etraductor |
|
| 765 | 0 | 8 |
_aNewman, Barbara M. 1944- _d[Lugar de publicación no identificado] : John Wiley & Sons, _tInfancy and childhood. _z0471022128 |
| 942 |
_2ddc _cLI _h155.4 _iN5325 |
||
| 999 |
_c10651 _d10651 |
||